Länder, die Montenegro am meisten besuchen - Statistiken

Allgemein
  • Dieses Quiz wurde 40 mal gespielt
  • Das Durchschnittsergebnis liegt bei 17 aus 20
Antwortstatistiken
Platz Touristenankünfte Land % Korrekt
9. ~40.000 Kroatien
100%
🥇 ~440.000 Serbien
100%
🥉 ~220.000 Bosnien und Herzegowina
97%
4. ~150.000 Deutschland
97%
7. ~85.000 Polen
89%
🥈 ~250.000 Russland
86%
16. ~24.000 Schweiz
86%
15. ~25.000 Slowenien
86%
8. ~50.000 Vereinigte Staaten
86%
5. ~100.000 Frankreich
83%
14. ~28.000 Italien
83%
17. ~22.000 Rumänien
83%
18. ~21.000 Tschechien
83%
11. ~34.000 Nordmazedonien
80%
10. ~40.000 Ungarn
80%
13. ~28.000 Schweden
77%
19. ~18.000 Norwegen
74%
12. ~32.000 Niederlande
71%
6. ~90.000 Vereinigtes Königreich
71%
20. ~16.000 Finnland
69%
Keine übereinstimmenden Quizze gefunden
Verteilung der Resultate
Anzahl Personen mit jedem Resultat
Perzentil nach korrekt beantworteten Fragen
Ihre Resultats-Entwicklung
Sie haben dieses Quiz noch nicht gespielt